000 00934nas a2200241 4500
005 20260514111834.0
008 260514b19491982pormr|p|r||||l00| z0por d
040 _cBR-ViAPE
245 _aFolclore
260 _aVitória
_bComissão Espírito-santense de Folclore
_c1949-1982
300 _bil.
_av.
310 _aMensal
362 _aAno 1, n. 1 (jul. ago. 1949) - n. 95 (dez. 1982).
500 _aDisponibilizada apenas a imagem da capa na versão digital, em virtude de restrições de direitos autorais.
500 _aColeção incompleta: disponíveis apenas alguns números do periódico.
650 _aFolclore
_xPopular
_xHistória
_zEspírito Santo
651 _aEspírito Santo (Brasil)
_vPeriódicos
655 _aPeriódicos históricos
700 _aNeves, Santos Guilherme
_eDiretor
710 _aComissão Espírito-santense de Folclore
942 _2ddc
_n1
_cPER
999 _c661
_d661